2025 NFL Rushing Yards Leaders Week 9 - Statistics

General Stats
  • This quiz has been taken 46 times
  • The average score is 45 of 50
Answer Stats
Yards Team Answer % Correct
581 Jets Breece Hall
100%
526 Lions Jahmyr Gibbs
100%
753 Bills James Cook
100%
519 Eagles Saquon Barkley
100%
549 Falcons Bijan Robinson
97%
237 Buccaneers Bucky Irving
97%
383 Bengals Chase Brown
97%
490 49ers Christian McCaffrey
97%
464 Bears D'Andre Swift
97%
510 Ravens Derrick Henry
97%
539 Dolphins De'Von Achane
97%
633 Cowboys Javonte Williams
97%
850 Colts Jonathan Taylor
97%
430 Seahawks Kenneth Walker III
97%
472 Rams Kyren Williams
97%
486 Browns Quinshon Judkins
97%
605 Panthers Rico Dowdle
97%
514 Jaguars Travis Etienne Jr.
97%
363 Saints Alvin Kamara
94%
445 Raiders Ashton Jeanty
94%
355 Lions David Montgomery
94%
634 Broncos JK Dobbins
94%
447 Packers Josh Jacobs
94%
329 Chiefs Isiah Pacheco
91%
321 Texans Nick Chubb
91%
314 Chargers Omarion Hampton
91%
279 Patriots Rhamondre Stevenson
91%
424 Titans Tony Pollard
91%
228 Patriots TreVeyon Henderson
91%
205 Seahawks Zach Charbonnet
91%
410 Giants Cam Skattebo
88%
261 Bills Josh Allen
88%
245 Chiefs Kareem Hunt
88%
279 Chargers Kimani Vidal
88%
250 Patriots Drake Maye
84%
402 Commanders Jacory Croskey-Merritt
84%
195 Giants Jaxson Dart
84%
373 Steelers Jaylen Warren
84%
383 Vikings Jordan Mason
84%
288 Jets Justin Fields
84%
248 Chargers Justin Herbert
84%
221 Steelers Kenneth Gainwell
84%
287 Buccaneers Rachaad White
84%
200 Broncos RJ Harvey
84%
214 Texans Woody Marks
84%
282 Panthers Chuba Hubbard
81%
207 Eagles Jalen Hurts
81%
211 Commanders Jayden Daniels
81%
280 Chiefs Patrick Mahomes
81%
207 Falcons Tyler Allgeier
81%
No matching quizzes found
Score Distribution
Percent of People with Each Score
Percentile by Number Answered
Your Score History
You have not taken this quiz